| 000 | 00569nam a2200193Ia 4500 | ||
|---|---|---|---|
| 003 | 0OSt | ||
| 005 | 20260304105651.0 | ||
| 008 | 240810s9999 xx 000 0 und d | ||
| 020 | _aS/N | ||
| 040 |
_aBiblioteca Geral-Universidade Lusíada de Angola _cBULA |
||
| 082 |
_m10(1) _a325.3 |
||
| 100 | _aJESUS CONTRERAS GRANGUILHOME | ||
| 245 | 0 | _aLa Independencia del sahara Occidental | |
| 260 |
_aMexico _bFederacion editorial Mexicana _c1983. |
||
| 300 | _a248p | ||
| 650 | _aRelaçoes Internacionais | ||
| 700 | _aJesus contreras Granguilhome | ||
| 942 |
_cLivros _2ddc |
||
| 999 |
_c640 _d640 |
||